Serena / (Record no. 10780)

MARC details
000 -LEADER
campo de control de longitud fija 00759nam a22002655i 4500
001 - NÚMERO DE CONTROL
campo de control 10780
003 - IDENTIFICADOR DE NÚMERO DE CONTROL
campo de control ES-MaACL
005 - FECHA Y HORA DE LA ÚLTIMA TRANSACCIÓN
campo de control 20230906145946.0
007 - CAMPO FIJO DE DESCRIPCIÓN FÍSICA--INFORMACIÓN GENERAL
campo de control de longitud fija t|
008 - DATOS DE LONGITUD FIJA--INFORMACIÓN GENERAL
campo de control de longitud fija 950210s1993 sp ||||0| spa j
020 ## - NÚMERO INTERNACIONAL ESTÁNDAR DEL LIBRO
Número Internacional Estándar del Libro 84-7844-205-7
040 ## - FUENTE DE CATALOGACIÓN
Centro catalogador/agencia de origen M-BN
Lengua de catalogación spa
Centro/agencia transcriptor M-BN
080 ## - NÚMERO DE LA CLASIFICACIÓN DECIMAL UNIVERSAL
Número de la Clasificación Decimal Universal 087.5:82
080 ## - NÚMERO DE LA CLASIFICACIÓN DECIMAL UNIVERSAL
Número de la Clasificación Decimal Universal 82:087.5
100 1# - ENTRADA PRINCIPAL--NOMBRE DE PERSONA
Nombre de persona Cruz Ruiz, Juan.
9 (RLIN) 41848
245 10 - MENCIÓN DEL TÍTULO
Título Serena /
Mención de responsabilidad, etc. Juan Cruz Ruiz ; ilustraciones de Laura y Luis Gordillo.
260 ## - PUBLICACIÓN, DISTRIBUCIÓN, ETC.
Lugar de publicación, distribución, etc. Madrid :
Nombre del editor, distribuidor, etc. Siruela,
Fecha de publicación, distribución, etc. 1993.
300 ## - DESCRIPCIÓN FÍSICA
Extensión 106 p., [8] h. de lám ;
Dimensiones 22 cm.
490 1# - MENCIÓN DE SERIE
Mención de serie Las tres edades ;
Designación de volumen o secuencia 31
700 1# - ENTRADA AGREGADA--NOMBRE PERSONAL
Nombre de persona Gordillo, Laura.
9 (RLIN) 59140
700 1# - ENTRADA AGREGADA--NOMBRE PERSONAL
Nombre de persona Gordillo, Luis.
9 (RLIN) 59141
830 0# - PUNTO DE ACCESO ADICIONAL DE SERIE-TÍTULO UNIFORME
Título uniforme Las tres edades ;
Designación de volumen o secuencia 31
9 (RLIN) 178625
852 ## - LOCALIZACIÓN
Ubicación ES-MaACL
Número de control de estantería L-18150
Sublocalización o colección R.123024
Holdings
Estatus retirado Estado de pérdida Estado de daño No para préstamo Biblioteca de origen Biblioteca actual Ubicación en estantería Fecha de adquisición Fuente de adquisición Total de préstamos Signatura topográfica completa Código de barras Visto por última vez Precio de reemplazo Tipo de ítem Koha
        Biblioteca del Ateneo de Madrid Biblioteca del Ateneo de Madrid Depósito 2 17/01/2008     L-18150 1010997 23/02/2023 23/02/2023 Libro impreso